000 00679nam a2200241Ia 4500
005 20260121112358.0
008 5523 260114s9999 xx 000 0 eng d
020 _a9789814571678
037 _aEBOOK
040 _aCRL
_beng
_cCRL
041 _aeng
_2eng
084 _qCRL
100 _aSeestrom Susan J
_9956669
245 0 _aNext Generation Experiments to Measure the Neutron Lifetime - Proceedings of the Workshop
260 _bWorld Scientific
260 _bWSPC
260 _c2014
650 _aPhysics
_9956670
856 _uhttps://www.worldscientific.com/worldscibooks/10.1142/9016#t=toc
942 _cEBOOK
999 _c1542823
_d1542823